00580cam a22002291 4500001001300000003000400013005001700017008004100034010001700075035002000092040001800112042001200130050002200142110005200164245002400216260001100240300001800251500001300269500003000282650002100312999001700333sa 65007979 DLC20260227112152.0890612s1964 ii 000 0 urdr  asa 65007979  a(OCoLC)19854762 aDLCcWaUdDLC apremarc00aPK2182b.A46 19642 aAligarh Muslim University.bDepartment of Urdu.10aNiṣāb-i nas̲r. c[1964] a84 p.c25 cm. aIn Urdu. aText partially vocalized. 0aUrdu literature. c65456d65456